000
002490000a22000970004500
100
1
_a
Cox, John
245
1
0
_a
The tentmaking movement in historical perspective
300
_a
Vol. 14, Núm 13 (1997), Páginas 111-117
773
0
_t
Evangel
942
_c
ANA
999
_c
54156
_d
54156